000 00273nam a2200121Ia 4500
005 20251222142027.0
008 251222s9999||||xx |||||||||||||| ||spa||
082 _a759.46/K79
100 _aKramer, Janos Peter
245 0 _aEl Greco
264 _bDel Phaidon
942 _cLIB
999 _c10834
_d10834